[Event "Tournoi francophone 001E"]
[Site "Skype"]
[Date "????.??.??"]
[Round "5.5"]
[White "Sahrane, Juba"]
[Black "Farthouat, Catherine"]
[Result "0-1"]
[WhiteElo "1000"]
[BlackElo "1071"]
[PlyCount "92"]

1. d4 Nf6 2. d5 d6 3. c4 g6 4. Nc3 Bg7 5. e4 e5 6. Nf3 O-O 7. g3 Bg4 8. Be2
Nbd7 9. O-O h6 10. Bd2 c5 11. Qc1 Bh3 12. Re1 Ng4 13. Nh4 Ndf6 14. Bf1 Bxf1 15.
Rxf1 a6 16. f3 Qd7 17. fxg4 Nxg4 18. h3 Nf6 19. Kg2 Kh7 20. Nf3 b5 21. Nd1 Nxe4
22. Nf2 Nxd2 23. Nxd2 bxc4 24. Nxc4 Rae8 25. Ne4 Rd8 26. Ncxd6 c4 27. Qxc4 f5
28. Nc5 Qe7 29. Qxa6 Rxd6 30. Rac1 Rxa6 31. Nxa6 Ra8 32. Nc7 Rc8 33. Rfd1 e4
34. d6 Qd7 35. b3 e3 36. Kf1 Be5 37. Nb5 Rxc1 38. Rxc1 Qxb5+ 39. Rc4 Bxd6 40.
a4 Qxb3 41. Rc6 Bxg3 42. a5 Qb5+ 43. Kg2 Qxc6+ 44. Kxg3 e2 45. Kf2 Qe4 46. a6
e1=Q# 0-1

[Event "Tournoi francophone 001E"]
[Site "Skype"]
[Date "????.??.??"]
[Round "5.6"]
[White "Gagnon, Sindy"]
[Black "Rival, Jocelyn"]
[Result "0-1"]
[WhiteElo "1000"]
[BlackElo "1040"]
[PlyCount "58"]

1. e4 e5 2. Nc3 Nf6 3. Nf3 Bb4 4. Nxe5 Qe7 5. d4 d6 6. Nf3 Bg4 7. Be2 Nc6 8. d5
Ne5 9. a3 Bc5 10. O-O O-O 11. b4 Bb6 12. h3 Bd7 13. Nd4 c6 14. b5 cxd5 15. Nxd5
Nxd5 16. exd5 Rac8 17. a4 a6 18. bxa6 bxa6 19. a5 Ba7 20. Bb2 Rc7 21. Bg4 Rfc8
22. Nf5 Qe8 23. Nxd6 Qf8 24. Nxc8 Rxc8 25. Bxe5 Qc5 26. Qe2 Qxd5 27. c4 Rxc4
28. Bh5 Bc6 29. Kh2 Qxg2# 0-1

[Event "Tournoi francophone 001E"]
[Site "Skype"]
[Date "????.??.??"]
[Round "5.7"]
[White "Richmond, Aaron"]
[Black "Bouffard, Georges"]
[Result "0-1"]
[WhiteElo "1000"]
[BlackElo "1000"]
[PlyCount "88"]

1. Nc3 Nf6 2. d4 d5 3. Nf3 Bg4 4. h3 Bh5 5. Be3 c6 6. g4 Bg6 7. g5 Ne4 8. Nxe4
Bxe4 9. h4 g6 10. Bh3 Nd7 11. b4 e6 12. Rb1 Bd6 13. c3 b5 14. Rg1 Bxb1 15. Qxb1
Qc7 16. Rg4 O-O-O 17. Qb3 Nf8 18. a4 Kb8 19. axb5 Qb6 20. Qd1 Re8 21. bxc6 Re7
22. Nd2 Qxc6 23. Bg2 Nd7 24. b5 Qb6 25. Nb3 Qxb5 26. Nc5 Bxc5 27. dxc5 Nxc5 28.
Bf4+ Ka8 29. c4 Qc6 30. Rg3 Rb8 31. Bxb8 Kxb8 32. Qb1+ Rb7 33. Qd1 Qd6 34. h5
gxh5 35. Bh3 f5 36. cxd5 Ne4 37. Rd3 Qb4+ 38. Kf1 Nxf2 39. d6 Nxd1 40. d7 Qf4+
41. Rf3 Ne3+ 42. Kg1 Rb1+ 43. Bf1 Rxf1+ 44. Rxf1 Qxf1+ 0-1

[Event "Tournoi francophone 001E"]
[Site "Skype"]
[Date "????.??.??"]
[Round "5.8"]
[White "Martin, Elise"]
[Black "Letourneau, Judith"]
[Result "1/2-1/2"]
[WhiteElo "1114"]
[BlackElo "1000"]
[PlyCount "35"]

1. e4 e6 2. d4 d5 3. e5 Nc6 4. Nf3 Bb4+ 5. Nc3 Nge7 6. Bd3 O-O 7. O-O a6 8. Ng5
h6 9. Bh7+ Kh8 10. Qd3 hxg5 11. Bxg5 b5 12. Qh3 f6 13. Bd3+ Kg8 14. Qh7+ Kf7
15. Qh5+ Kg8 16. Qh7+ Kf7 17. Qh5+ Kg8 18. Qh7+ 1/2-1/2

[Event "Tournoi francophone 001E"]
[Site "Skype"]
[Date "????.??.??"]
[Round "6.1"]
[White "Lemoine, Gerard"]
[Black "Bousbia, Amine"]
[Result "0-1"]
[WhiteElo "1178"]
[BlackElo "1000"]
[PlyCount "88"]

1. d4 d5 2. c4 c6 3. Nf3 Nf6 4. Bg5 Nbd7 5. e3 Ne4 6. Nbd2 g6 7. Nxe4 dxe4 8.
Ne5 Nxe5 9. dxe5 Qa5+ 10. Qd2 Qxe5 11. Bf4 Qf6 12. Rd1 Bg4 13. Be2 Bf5 14. h3
Bg7 15. Bg4 Qxb2 16. Bxf5 Bc3 17. Be5 Bxd2+ 18. Rxd2 Qxe5 19. Bd7+ Kf8 20. O-O
Rd8 21. Rfd1 Kg7 22. Bg4 Rxd2 23. Rxd2 f5 24. Bd1 Qc3 25. Re2 Qxc4 26. Re1 Qxa2
27. f3 exf3 28. Bxf3 Rd8 29. e4 e6 30. exf5 exf5 31. Re7+ Kh6 32. Rxb7 c5 33.
Re7 c4 34. Re2 Qb1+ 35. Kf2 f4 36. Re1 Qb2+ 37. Be2 Re8 38. Kf3 c3 39. g4 c2
40. Kxf4 c1=Q+ 41. Rxc1 Qxc1+ 42. Kg3 Rxe2 43. Kh4 g5+ 44. Kg3 Qe3# 0-1

[Event "Tournoi francophone 001E"]
[Site "Skype"]
[Date "????.??.??"]
[Round "6.2"]
[White "Douichi, Mohammed"]
[Black "Moumtaz, Abderrahim"]
[Result "0-1"]
[WhiteElo "1176"]
[BlackElo "1018"]
[PlyCount "88"]

1. c4 Nf6 2. Nc3 e5 3. e4 d6 4. d4 Nc6 5. Nf3 exd4 6. Nxd4 Nxd4 7. Qxd4 c5 8.
Qd3 Be7 9. Be2 O-O 10. O-O b6 11. Nd5 Bb7 12. Bf4 Nxd5 13. cxd5 Bf6 14. Qc2 Bd4
15. Bg3 Re8 16. Bd3 g6 17. Rfe1 a5 18. a4 Ba6 19. Bxa6 Rxa6 20. Rad1 Re7 21. b4
axb4 22. Qd3 Ra8 23. Qb5 b3 24. Qc6 b2 25. Bxd6 Rc8 26. Qb5 Qxd6 27. Qe2 Bc3
28. Rf1 c4 29. Qc2 Be5 30. g3 c3 31. Rd3 Bf6 32. Kg2 Rxe4 33. Rfd1 Rg4 34. Rf3
Be5 35. Qd3 c2 36. Rg1 b1=Q 37. Rxb1 cxb1=Q 38. Qxb1 Qxd5 39. Qf1 Rc2 40. Qa6
Bd4 41. h3 Rxf2+ 42. Kg1 Rxf3+ 43. Kg2 Rf2+ 44. Kg1 Rxg3# 0-1

[Event "Tournoi francophone 001E"]
[Site "Skype"]
[Date "????.??.??"]
[Round "6.3"]
[White "Talbot, Jean"]
[Black "Morin, Claude"]
[Result "1/2-1/2"]
[WhiteElo "1041"]
[BlackElo "1000"]
[PlyCount "66"]

1. e4 e5 2. Nf3 Nc6 3. Bc4 Bc5 4. d3 Nf6 5. O-O O-O 6. Be3 Bb4 7. c3 Bc5 8.
Bxc5 b6 9. Bxf8 Qxf8 10. Re1 d6 11. d4 Na5 12. Nbd2 Bg4 13. dxe5 dxe5 14. h3
Bh5 15. b4 Nxc4 16. Nxc4 Rd8 17. Qe2 b5 18. Ncxe5 Ne8 19. Rad1 Nd6 20. g4 Bg6
21. Rd4 f6 22. h4 fxe5 23. Nxe5 Re8 24. Nxg6 hxg6 25. e5 Nc8 26. e6 Ne7 27. Qe5
Nc6 28. Qxb5 Ne7 29. Rd7 Kh7 30. f4 Qxf4 31. Rf1 Qxg4+ 32. Kh2 Qxh4+ 33. Kg2
Qg4+ 1/2-1/2

[Event "Tournoi francophone 001E"]
[Site "Skype"]
[Date "????.??.??"]
[Round "6.4"]
[White "Farthouat, Catherine"]
[Black "Bustos, Ricardo"]
[Result "1-0"]
[WhiteElo "1071"]
[BlackElo "1197"]
[PlyCount "41"]

1. e4 c5 2. Nf3 d6 3. d4 cxd4 4. Nxd4 Nf6 5. Bd3 a6 6. O-O e6 7. Re1 Be7 8. Bg5
Nbd7 9. Nd2 O-O 10. h3 Qb6 11. N2b3 Nc5 12. Nxc5 Qxc5 13. a3 Qxg5 14. Nf3 Qc5
15. b4 Qc7 16. e5 dxe5 17. Nxe5 Bd6 18. Qe2 Nd7 19. Nxd7 Bxd7 20. Qh5 b5 21.
Qxh7# 1-0

[Event "Tournoi francophone 001E"]
[Site "Skype"]
[Date "????.??.??"]
[Round "6.5"]
[White "Kruk, Clementine"]
[Black "Gagnon, Sindy"]
[Result "1-0"]
[WhiteElo "1107"]
[BlackElo "1000"]
[PlyCount "35"]

1. e4 e5 2. Nf3 Nf6 3. Nc3 d6 4. h3 Be7 5. Bc4 Nfd7 6. d3 c6 7. h4 Qb6 8. Be3
c5 9. Nd5 Qa5+ 10. c3 O-O 11. Nxe7+ Kh8 12. Ng5 d5 13. Bxd5 f6 14. Bg8 fxg5 15.
Qh5 Nf6 16. Qxh7+ Nxh7 17. Bxh7 Kxh7 18. hxg5+ 1-0

[Event "Tournoi francophone 001E"]
[Site "Skype"]
[Date "????.??.??"]
[Round "6.6"]
[White "Bouffard, Georges"]
[Black "Sahrane, Juba"]
[Result "0-1"]
[WhiteElo "1000"]
[BlackElo "1000"]
[PlyCount "84"]

1. e4 Nc6 2. c3 d5 3. Qc2 e6 4. Ne2 Nf6 5. Ng3 g6 6. Bb5 Bd7 7. a4 a6 8. Bxc6
Bxc6 9. d4 Nxe4 10. Nxe4 dxe4 11. Be3 Bg7 12. Qd2 b5 13. b3 bxa4 14. bxa4 Rb8
15. O-O O-O 16. Qc2 f5 17. Bf4 Re8 18. Be5 Bxe5 19. dxe5 Qd5 20. Rd1 Qxe5 21.
Na3 e3 22. f3 e2 23. Re1 Qe3+ 24. Kh1 Bb5 25. Nxb5 axb5 26. Rxe2 Qa7 27. a5 c5
28. c4 b4 29. Qa4 Qa6 30. Rae1 Qxc4 31. Qc6 Qb5 32. Rxe6 Qxc6 33. Rxe8+ Rxe8
34. Ra1 Ra8 35. Kg1 Qb5 36. Re1 Rxa5 37. Kf2 Ra2+ 38. Kg3 Qb8+ 39. f4 Qd6 40.
Re8+ Kg7 41. Re5 Ra3+ 42. Kh4 Qd8+ 0-1

[Event "Tournoi francophone 001E"]
[Site "Skype"]
[Date "????.??.??"]
[Round "6.7"]
[White "Rival, Jocelyn"]
[Black "Martin, Elise"]
[Result "0-1"]
[WhiteElo "1040"]
[BlackElo "1114"]
[PlyCount "50"]

1. e4 e5 2. Bc4 d6 3. Qf3 Nf6 4. d3 Nbd7 5. Bg5 b6 6. c3 Bb7 7. Nd2 Be7 8. Ne2
O-O 9. d4 c5 10. Bd3 exd4 11. Bc2 dxc3 12. Qxc3 Qc7 13. Qd3 Ne5 14. Qg3 d5 15.
f4 Nc4 16. Nxc4 dxc4 17. e5 Nd5 18. Bxe7 Qxe7 19. Be4 Nb4 20. Bf5 Nc2+ 21. Kf2
Nxa1 22. Rxa1 c3 23. Nxc3 c4 24. Qh3 h6 25. Qxh6 gxh6 0-1

[Event "Tournoi francophone 001E"]
[Site "Skype"]
[Date "????.??.??"]
[Round "6.8"]
[White "Letourneau, Judith"]
[Black "Richmond, Aaron"]
[Result "0-1"]
[WhiteElo "1000"]
[BlackElo "1000"]
[PlyCount "36"]

1. e4 e5 2. d4 Nf6 3. Nf3 d6 4. Bc4 Be6 5. O-O Qd7 6. Bg5 Be7 7. Nc3 Nc6 8. a3
exd4 9. Bb5 h6 10. Bf4 d5 11. exd5 Bxd5 12. Nxd5 Nxd5 13. b4 g5 14. h4 Nxf4 15.
hxg5 hxg5 16. Nxg5 Bxg5 17. Rc1 Qd5 18. c3 Qxg2# 0-1

[Event "Tournoi francophone 001E"]
[Site "Skype"]
[Date "????.??.??"]
[Round "7.1"]
[White "Bousbia, Amine"]
[Black "Moumtaz, Abderrahim"]
[Result "1-0"]
[WhiteElo "1000"]
[BlackElo "1018"]
[PlyCount "43"]

1. f4 d5 2. Nf3 Nc6 3. e3 Nf6 4. d3 e5 5. fxe5 Ng4 6. d4 Be6 7. Nc3 Bb4 8. h3
Nh6 9. Bd3 Nf5 10. O-O Ng3 11. Rf2 h6 12. Na4 O-O 13. a3 Be7 14. Kh2 Bh4 15.
Nxh4 Qxh4 16. Rf4 Qg5 17. Qf3 Qh5 18. Qxg3 Ne7 19. Nc5 Ng6 20. Nxe6 Nxf4 21.
Nxf8 Qxh3+ 22. gxh3 1-0

[Event "Tournoi francophone 001E"]
[Site "Skype"]
[Date "????.??.??"]
[Round "7.2"]
[White "Farthouat, Catherine"]
[Black "Lemoine, Gerard"]
[Result "0-1"]
[WhiteElo "1071"]
[BlackElo "1178"]
[PlyCount "70"]

1. e4 d5 2. exd5 Qxd5 3. Nc3 Qa5 4. d4 e6 5. Nf3 Bb4 6. Bb5+ Qxb5 7. Bd2 Qb6 8.
O-O Ne7 9. Re1 Nf5 10. g3 Nxd4 11. Nxd4 Qxd4 12. Rb1 Bxc3 13. bxc3 Qd5 14. Re2
Qxa2 15. Bf4 Qc4 16. Be5 O-O 17. Rb4 Qc6 18. Qd4 b5 19. Bxg7 Bb7 20. f4 Qh1+
21. Kf2 Qxh2+ 22. Ke1 Qxg3+ 23. Rf2 Qxg7 24. Qxg7+ Kxg7 25. f5 f6 26. Rxb5 Bc8
27. Rf4 Re8 28. Rg4+ Kf7 29. fxe6+ Rxe6+ 30. Kd2 Rb6 31. Rh5 Bxg4 32. Rxh7+ Kg6
33. Rxc7 Rb1 34. Ke3 Na6 35. Kf4 Nxc7 0-1

[Event "Tournoi francophone 001E"]
[Site "Skype"]
[Date "????.??.??"]
[Round "7.3"]
[White "Morin, Claude"]
[Black "Douichi, Mohammed"]
[Result "0-1"]
[WhiteElo "1000"]
[BlackElo "1176"]
[PlyCount "62"]

1. e4 e5 2. Nf3 d5 3. Bb5+ c6 4. Be2 dxe4 5. Ng1 Nf6 6. Nc3 Bc5 7. a3 Ng4 8. b4
Nxf2 9. bxc5 Nxd1 10. Kxd1 O-O 11. Nxe4 Qd4 12. c3 Qxe4 13. Bf3 Qc4 14. Ne2
Qxc5 15. d4 exd4 16. Bd2 Re8 17. Nxd4 Na6 18. Nb3 Qc4 19. Na5 Qa4+ 20. Kc1 Qxa5
21. Bh5 Nc5 22. Rf1 Nb3+ 23. Kb1 Nxa1 24. Kxa1 Qxa3+ 25. Kb1 Be6 26. Bxf7+ Bxf7
27. Rxf7 Kxf7 28. Bg5 Qb3+ 29. Kc1 Qxc3+ 30. Kb1 Re1+ 31. Ka2 Ra1# 0-1

[Event "Tournoi francophone 001E"]
[Site "Skype"]
[Date "????.??.??"]
[Round "7.4"]
[White "Sahrane, Juba"]
[Black "Talbot, Jean"]
[Result "1-0"]
[WhiteElo "1000"]
[BlackElo "1041"]
[PlyCount "39"]

1. e4 e5 2. Nf3 Nc6 3. Bb5 Nf6 4. Bxc6 bxc6 5. O-O Bd6 6. Re1 O-O 7. d4 exd4 8.
e5 Bb4 9. Bd2 Bxd2 10. Nbxd2 Nd5 11. Nxd4 Re8 12. N2f3 d6 13. Nxc6 Qd7 14. Nfd4
dxe5 15. Rxe5 Rxe5 16. Nxe5 Qe8 17. Ndc6 Bb7 18. Qxd5 Bxc6 19. Nxc6 Rd8 20.
Nxd8 1-0

[Event "Tournoi francophone 001E"]
[Site "Skype"]
[Date "????.??.??"]
[Round "7.5"]
[White "Bustos, Ricardo"]
[Black "Kruk, Clementine"]
[Result "1-0"]
[WhiteElo "1197"]
[BlackElo "1107"]
[PlyCount "139"]

1. c4 e5 2. Nc3 Nf6 3. g3 Bc5 4. e3 d6 5. Bg2 Nc6 6. a3 a5 7. Nge2 Be6 8. d3
Qd7 9. O-O Bh3 10. e4 Bxg2 11. Kxg2 O-O-O 12. Bd2 Qg4 13. h3 Qg6 14. b4 Bxf2
15. Rxf2 Nd4 16. Nxd4 exd4 17. Ne2 Rhe8 18. Nxd4 Nh5 19. Qg4+ Rd7 20. Qxg6 hxg6
21. g4 Nf6 22. bxa5 c6 23. a6 bxa6 24. Nxc6 Rb7 25. Kg1 Rb2 26. Be3 Rb3 27.
Na7+ Kb7 28. Nb5 Rxd3 29. Bf4 Rd8 30. Nxd6+ Kc6 31. Kg2 Rd4 32. Nxf7 Rf8 33.
Ne5+ Kc5 34. Be3 Rfd8 35. Bxd4+ Rxd4 36. Nxg6 Rxc4 37. Ne5 Rxe4 38. Nd3+ Kc4
39. Nb2+ Kb3 40. Rb1 Ka2 41. Rd1 Kxa3 42. Rd3+ Kb4 43. Nd1 Kc5 44. Nc3 Kc4 45.
Nxe4 Kxd3 46. Nxf6 gxf6 47. Rxf6 a5 48. Ra6 Ke3 49. Kg3 Ke4 50. h4 Ke3 51. h5
Kd4 52. h6 a4 53. h7 a3 54. h8=Q+ Kc4 55. Qc8+ Kb3 56. Qb7+ Kc4 57. Rxa3 Kd4
58. Qb6+ Kd5 59. Qb3+ Kc5 60. Qc3+ Kd6 61. Qd4+ Ke6 62. Ra5 Kf7 63. Ra6 Ke7 64.
Qe5+ Kd7 65. Qb5+ Kc7 66. Ra7+ Kd6 67. Ra6+ Kc7 68. Qc6+ Kd8 69. Qb7 Ke8 70.
Ra8# 1-0

[Event "Tournoi francophone 001E"]
[Site "Skype"]
[Date "????.??.??"]
[Round "7.6"]
[White "Rival, Jocelyn"]
[Black "Bouffard, Georges"]
[Result "0-1"]
[WhiteElo "1040"]
[BlackElo "1000"]
[PlyCount "66"]

1. e4 e5 2. Qf3 Nf6 3. d3 h6 4. Nc3 c6 5. Be3 d6 6. Qd1 Bg4 7. f3 Bh5 8. g4 Bg6
9. Bg2 Be7 10. d4 Nh7 11. Nh3 Bh4+ 12. Nf2 f6 13. Ne2 Qe7 14. c3 Bf7 15. f4 Nd7
16. fxe5 fxe5 17. Qd3 Bg5 18. O-O-O Bxe3+ 19. Qxe3 g5 20. dxe5 Nxe5 21. Nd3 Nc4
22. Qd4 O-O-O 23. b3 Nb6 24. h3 c5 25. Qg7 Nf6 26. b4 Rdg8 27. Qxg8+ Rxg8 28.
bxc5 dxc5 29. e5 Nfd5 30. c4 Ne3 31. Rdg1 Nbxc4 32. Nf2 Qxe5 33. h4 Qb2# 0-1

[Event "Tournoi francophone 001E"]
[Site "Skype"]
[Date "????.??.??"]
[Round "7.8"]
[White "Gagnon, Sindy"]
[Black "Letourneau, Judith"]
[Result "1-0"]
[WhiteElo "1000"]
[BlackElo "1000"]
[PlyCount "65"]

1. e4 e6 2. Nc3 Nf6 3. Nf3 Be7 4. h3 O-O 5. d4 d5 6. exd5 exd5 7. Qd3 Nc6 8.
Be2 Nb4 9. Qe3 a6 10. O-O b5 11. a3 Nc6 12. Nh4 b4 13. axb4 Nxb4 14. b3 Bd7 15.
Rb1 Rb8 16. Ba3 a5 17. Bd1 Nh5 18. Bxh5 Bxh4 19. Qe5 h6 20. g3 Bg5 21. f4 Bxf4
22. gxf4 Bxh3 23. Rf3 Qd7 24. Rg3 f6 25. Qe3 Rbe8 26. Bxe8 Qxe8 27. Qf3 Bf5 28.
Rg2 Qe7 29. Bb2 Qd6 30. Qg3 Be4 31. Nxe4 Nxc2 32. Nxd6 cxd6 33. Qxg7# 1-0

[Event "Tournoi francophone 001E"]
[Site "Skype"]
[Date "????.??.??"]
[Round "8.1"]
[White "Bousbia, Amine"]
[Black "Farthouat, Catherine"]
[Result "1-0"]
[WhiteElo "1000"]
[BlackElo "1071"]
[PlyCount "65"]

1. f4 d5 2. b3 Nc6 3. Nf3 Bg4 4. e3 Nf6 5. Bb5 e5 6. Bxc6+ bxc6 7. fxe5 Ne4 8.
O-O Bc5 9. d4 Be7 10. h3 Bxf3 11. Qxf3 O-O 12. Nd2 Ng5 13. Qe2 Re8 14. Nf3 Ne4
15. Kh2 Bh4 16. Qa6 Bg3+ 17. Kh1 Nf2+ 18. Kg1 Qd7 19. Rxf2 Bxf2+ 20. Kxf2 Qf5
21. Qd3 Qxd3 22. cxd3 h6 23. Ba3 Re6 24. Kg1 Rae8 25. Kh2 Rg6 26. Nh4 Rg5 27.
Rf1 Re6 28. e4 dxe4 29. dxe4 f5 30. exf5 Re8 31. f6 Kh7 32. f7 Rd8 33. Be7 1-0

[Event "Tournoi francophone 001E"]
[Site "Skype"]
[Date "????.??.??"]
[Round "8.2"]
[White "Lemoine, Gerard"]
[Black "Bustos, Ricardo"]
[Result "0-1"]
[WhiteElo "1178"]
[BlackElo "1197"]
[PlyCount "106"]

1. d4 Nf6 2. c4 e6 3. Nf3 d5 4. Bg5 Be7 5. e3 O-O 6. Bd3 Nbd7 7. Nc3 b6 8. cxd5
Nxd5 9. Bxe7 Nxe7 10. Be4 Rb8 11. Qc2 Nf6 12. Ne5 Bb7 13. Bxb7 Rxb7 14. Rd1 Rb8
15. h3 Rc8 16. g4 Nd7 17. e4 Ng6 18. Nc6 Qg5 19. Nxa7 Ra8 20. Nab5 c6 21. Nc7
Rab8 22. d5 Rfc8 23. Qd2 Qxd2+ 24. Rxd2 Rxc7 25. d6 Rcc8 26. h4 Nge5 27. g5
Nf3+ 28. Ke2 Nxd2 29. Kxd2 Rd8 30. f4 g6 31. h5 Nf8 32. e5 b5 33. Ne4 Kg7 34.
Nf6 Nd7 35. Ng4 gxh5 36. Rxh5 Kg6 37. Rh6+ Kf5 38. Ne3+ Kxf4 39. Rh5 Nxe5 40.
Ng2+ Kg3 41. Ne3 Rxd6+ 42. Ke2 Kf4 43. Ng2+ Kg4 44. Rh4+ Kxg5 45. Re4 Kf5 46.
Rf4+ Kg5 47. Ke3 Nc4+ 48. Kf3 Nxb2 49. Rg4+ Kf6 50. Rf4+ Ke7 51. Nh4 Rd3+ 52.
Ke4 Rbd8 53. Nf3 Nc4 0-1

[Event "Tournoi francophone 001E"]
[Site "Skype"]
[Date "????.??.??"]
[Round "8.3"]
[White "Moumtaz, Abderrahim"]
[Black "Morin, Claude"]
[Result "0-1"]
[WhiteElo "1018"]
[BlackElo "1000"]
[PlyCount "104"]

1. e4 e5 2. Nf3 Nc6 3. d4 d6 4. Bb5 Bg4 5. d5 a6 6. Bg5 Nf6 7. Bxc6+ bxc6 8. h3
Bh5 9. Nc3 Be7 10. O-O O-O 11. dxc6 Rb8 12. Rb1 Rb6 13. Nd5 Rxc6 14. Nxe7+ Qxe7
15. Re1 Qe8 16. b4 Rc4 17. Qd3 Rc6 18. a4 Rb6 19. c4 h6 20. Bxf6 gxf6 21. a5
Rb8 22. b5 Qe6 23. bxa6 Ra8 24. Qd5 Rxa6 25. Qxe6 fxe6 26. Rb7 Rxa5 27. Rxc7
Ra4 28. c5 dxc5 29. Rxc5 Raa8 30. Rec1 Bg6 31. Nd2 Ra7 32. Rc6 Re7 33. Rc8 Kg7
34. R1c7 Rff7 35. f3 Rxc7 36. Rd8 Rc1+ 37. Nf1 h5 38. Rd6 Re7 39. h4 f5 40. Kf2
fxe4 41. Ne3 exf3 42. Kxf3 Re1 43. Rd2 Rf7+ 44. Kg3 Rxe3+ 45. Kh2 e4 46. g3 Re1
47. Rg2 e3 48. g4 Rf2 49. Kg3 Rxg2+ 50. Kxg2 hxg4 51. Kg3 Rg1+ 52. Kf4 e2 0-1

[Event "Tournoi francophone 001E"]
[Site "Skype"]
[Date "????.??.??"]
[Round "8.4"]
[White "Douichi, Mohammed"]
[Black "Sahrane, Juba"]
[Result "0-1"]
[WhiteElo "1176"]
[BlackElo "1000"]
[PlyCount "74"]

1. e4 e5 2. d4 Nc6 3. d5 Nb4 4. c3 Na6 5. Be3 b6 6. Nf3 d6 7. Bb5+ c6 8. Bxc6+
Bd7 9. Bxa8 Qxa8 10. O-O Nf6 11. Nbd2 Be7 12. h3 O-O 13. Qe2 Nc5 14. Bxc5 dxc5
15. c4 Qb8 16. b3 b5 17. Nh4 h6 18. Qd3 Rd8 19. Qg3 a6 20. Ndf3 Nxe4 21. Qh2
Bxh4 22. Nxe5 Bf6 23. Qf4 Bxe5 24. Qxe4 Bxa1 25. Rxa1 b4 26. Rd1 Bc6 27. Qe7
Qd6 28. Qe4 a5 29. a4 bxa3 30. Qf3 Qe5 31. Qd3 a2 32. Re1 Qxe1+ 33. Kh2 a1=Q
34. Kg3 Qae5+ 35. Kf3 Qf6+ 36. Kg4 Qexf2 37. Qf3 Q2h4# 0-1

[Event "Tournoi francophone 001E"]
[Site "Skype"]
[Date "????.??.??"]
[Round "8.5"]
[White "Talbot, Jean"]
[Black "Gagnon, Sindy"]
[Result "1-0"]
[WhiteElo "1041"]
[BlackElo "1000"]
[PlyCount "55"]

1. e4 e5 2. Nf3 Nf6 3. Nxe5 Nxe4 4. Qg4 Nf6 5. Qf3 Qe7 6. Qf5 d6 7. Qxc8+ Qd8
8. Qxd8+ Kxd8 9. Nxf7+ Ke8 10. Nxh8 Nc6 11. Bb5 a6 12. Bxc6+ bxc6 13. O-O d5
14. d4 Bd6 15. Nc3 c5 16. dxc5 Bxc5 17. Be3 d4 18. Bg5 Ne4 19. Nxe4 Bb4 20. Bd2
Be7 21. Rae1 Kf8 22. f4 Kg8 23. f5 Kxh8 24. Bg5 Bb4 25. c3 Ba5 26. Nc5 Rb8 27.
Re4 Rxb2 28. Re8# 1-0

[Event "Tournoi francophone 001E"]
[Site "Skype"]
[Date "????.??.??"]
[Round "8.6"]
[White "Kruk, Clementine"]
[Black "Bouffard, Georges"]
[Result "1-0"]
[WhiteElo "1107"]
[BlackElo "1000"]
[PlyCount "163"]

1. e4 e5 2. Nf3 d6 3. Bc4 Be6 4. Bb3 Qd7 5. h3 Nf6 6. Nc3 c6 7. d4 Qe7 8. dxe5
Nh5 9. g4 g6 10. gxh5 gxh5 11. exd6 Qxd6 12. Qxd6 Bxd6 13. e5 Bb4 14. Bxe6 fxe6
15. Bd2 Bc5 16. Ne4 Be7 17. Nfg5 Kd7 18. Nf6+ Bxf6 19. exf6 h6 20. f4 Rg8 21.
f7 Rf8 22. Nf3 Rxf7 23. Ne5+ Ke7 24. Nxf7 Kxf7 25. Kf2 Nd7 26. Kf3 e5 27. fxe5
Nxe5+ 28. Ke4 Nd7 29. Bxh6 Re8+ 30. Kf3 Ne5+ 31. Kg3 Kg6 32. Bf4 Nc4 33. Rhe1
Rf8 34. Re6+ Kf5 35. Kf3 Kxe6 36. Re1+ Kf5 37. Bh6 Kg6+ 38. Bxf8 Nd2+ 39. Ke2
Ne4 40. Kd3 Nf6 41. Be7 Nd5 42. Rg1+ Kf7 43. Bd6 Ke6 44. Rg6+ Kf5 45. Rh6 Kg5
46. Rh8 b6 47. Bg3 Nf6 48. Bh4+ Kxh4 49. Rh6 Kg5 50. Rh8 Nd5 51. Rh7 Nf4+ 52.
Ke4 a6 53. Rg7+ Ng6 54. h4+ Kf6 55. Rh7 Nxh4 56. Rxh5 Ng6 57. Rf5+ Ke7 58. b4
Kd7 59. a4 Ne7 60. Rf7 Ke6 61. Rf8 Nd5 62. Rb8 Nc3+ 63. Kd4 Nxa4 64. c4 c5+ 65.
bxc5 bxc5+ 66. Kd3 Nb2+ 67. Rxb2 a5 68. Rb5 a4 69. Rxc5 Kd6 70. Ra5 Kc6 71.
Rxa4 Kc5 72. Kc3 Kb6 73. Kd4 Kc6 74. c5 Kb5 75. Ra1 Kc6 76. Kc4 Kb7 77. Kb5 Kc7
78. c6 Kb8 79. Rh1 Kc7 80. Kc5 Kb8 81. Kb6 Kc8 82. Rh8# 1-0

[Event "Tournoi francophone 001E"]
[Site "Skype"]
[Date "????.??.??"]
[Round "8.7"]
[White "Richmond, Aaron"]
[Black "Martin, Elise"]
[Result "0-1"]
[WhiteElo "1000"]
[BlackElo "1114"]
[PlyCount "56"]

1. e4 e5 2. Nf3 Nc6 3. b3 d6 4. Nc3 Nf6 5. h3 Be7 6. g4 h6 7. h4 Nxg4 8. Qe2
Be6 9. Nd5 Qd7 10. Bh3 O-O-O 11. Ba3 g5 12. hxg5 hxg5 13. Rg1 Rxh3 14. Qf1 Rxf3
15. Qe2 Rh3 16. b4 Rxa3 17. b5 Nd4 18. Qc4 Bxd5 19. exd5 Nf3+ 20. Kd1 Nxg1 21.
Rb1 Nxf2+ 22. Kc1 Qf5 23. Qf1 Ne2+ 24. Qxe2 Ne4 25. d3 Nc3 26. Rb2 Nxe2+ 27.
Kd2 Nd4 28. Rb4 Qf2+ 0-1

[Event "Tournoi francophone 001E"]
[Site "Skype"]
[Date "????.??.??"]
[Round "8.8"]
[White "Letourneau, Judith"]
[Black "Rival, Jocelyn"]
[Result "0-1"]
[WhiteElo "1000"]
[BlackElo "1040"]
[PlyCount "36"]

1. e4 e5 2. Nf3 d6 3. d4 Nf6 4. Be2 Nxe4 5. Bd3 Nf6 6. dxe5 dxe5 7. Nxe5 Be6 8.
O-O Bd6 9. a3 Bxe5 10. Bg5 Nc6 11. Bb5 Qe7 12. Nc3 Bd6 13. Bxc6+ bxc6 14. b4
Bd7 15. b5 cxb5 16. Nxb5 Bxb5 17. Rb1 Qe5 18. Bh4 Qxh2# 0-1

[Event "Tournoi francophone 001E"]
[Site "Skype"]
[Date "????.??.??"]
[Round "9.1"]
[White "Morin, Claude"]
[Black "Bousbia, Amine"]
[Result "0-1"]
[WhiteElo "1000"]
[BlackElo "1000"]
[PlyCount "34"]

1. e4 d6 2. Nf3 c5 3. d4 g6 4. c3 cxd4 5. Qxd4 Nf6 6. Qa4+ Bd7 7. Qc2 Bg7 8.
Nbd2 O-O 9. h3 Qb6 10. Bc4 Bb5 11. O-O Bxc4 12. Nxc4 Qc6 13. b3 Nxe4 14. Qxe4
Qxe4 15. Ng5 Qd5 16. Re1 Bxc3 17. Rb1 Bxe1 0-1

[Event "Tournoi francophone 001E"]
[Site "Skype"]
[Date "????.??.??"]
[Round "9.2"]
[White "Sahrane, Juba"]
[Black "Lemoine, Gerard"]
[Result "1-0"]
[WhiteElo "1000"]
[BlackElo "1178"]
[PlyCount "69"]

1. e4 e6 2. Nf3 d5 3. e5 c5 4. c3 Nc6 5. d4 cxd4 6. cxd4 Bd7 7. a3 Nge7 8. Bg5
Qb6 9. Nc3 Qxb2 10. Nb5 Na5 11. Nd6+ Kd8 12. Nxf7+ Ke8 13. Nxh8 Nf5 14. Bd3
Nxd4 15. Nxd4 Qxd4 16. Bg6+ hxg6 17. Qxd4 Nb3 18. Qc3 Nxa1 19. Qxa1 Bb5 20.
Nxg6 Rc8 21. Qb1 Bc4 22. Nxf8 Kxf8 23. Qxb7 Re8 24. Qxa7 Bd3 25. Qc5+ Kf7 26.
Qc6 Bg6 27. O-O Kg8 28. Rb1 Kh7 29. Rb7 Bh5 30. Bf6 Kg6 31. Qxe8+ Kh6 32. Bxg7+
Kg5 33. Bf6+ Kh6 34. Qg8 Bg4 35. Rh7# 1-0

[Event "Tournoi francophone 001E"]
[Site "Skype"]
[Date "????.??.??"]
[Round "9.3"]
[White "Moumtaz, Abderrahim"]
[Black "Talbot, Jean"]
[Result "1-0"]
[WhiteElo "1018"]
[BlackElo "1041"]
[PlyCount "63"]

1. e4 e5 2. Nf3 Nc6 3. Bc4 Bc5 4. Nc3 Nf6 5. Ng5 Qe7 6. Nxf7 Qxf7 7. Bxf7+ Kxf7
8. Qf3 d6 9. Nd5 Bg4 10. Qb3 Na5 11. Qb5 b6 12. Nxc7 Rac8 13. Nd5 Nxe4 14. O-O
Bd4 15. Ne3 Bxe3 16. dxe3 Rxc2 17. Qd5+ Ke7 18. Qxe4 Rc4 19. Qd3 e4 20. Qd5 Be6
21. Qg5+ Kf7 22. Qh5+ g6 23. Qd1 Rd8 24. b3 Rc3 25. Bd2 Rd3 26. Qe2 h5 27. Bxa5
Bg4 28. Qe1 bxa5 29. Qxa5 Rd7 30. Qa4 Ke7 31. Qxe4+ Be6 32. Qxd3 1-0

[Event "Tournoi francophone 001E"]
[Site "Skype"]
[Date "????.??.??"]
[Round "9.4"]
[White "Bustos, Ricardo"]
[Black "Douichi, Mohammed"]
[Result "1-0"]
[WhiteElo "1197"]
[BlackElo "1176"]
[PlyCount "51"]

1. c4 Nf6 2. Nc3 c6 3. g3 d5 4. e3 e5 5. d3 Bb4 6. Nge2 d4 7. exd4 exd4 8. a3
Ba5 9. b4 Bb6 10. Na4 Bc7 11. Bg2 Be5 12. O-O O-O 13. f4 Bc7 14. Bb2 Bg4 15.
Qd2 Bxe2 16. Qxe2 Re8 17. Qd2 c5 18. Bxb7 Ng4 19. Bxa8 Ne3 20. Rfe1 Bxf4 21.
gxf4 Nd7 22. Bf3 Qf6 23. Nxc5 Nxc5 24. bxc5 Qxf4 25. Qf2 Nxc4 26. Rxe8# 1-0